States in Free Association - Statistics

General Stats
  • This quiz has been taken 11 times
  • The average score is 9 of 12
Answer Stats
Associated State Associated with Years % Correct
Cook Islands New Zealand 1965
100%
Niue New Zealand 1974
100%
Federated States of Micronesia United States 1986
89%
Marshall Islands United States 1986
89%
Palau United States 1994
89%
Antigua United Kingdom 1967-1981
67%
Dominica United Kingdom 1967-1978
67%
Grenada United Kingdom 1967-1974
67%
Saint Christopher-Nevis-Anguilla United Kingdom 1967-1983
67%
Saint Lucia United Kingdom 1967-1979
67%
Saint Vincent and the Grenadines United Kingdom 1969-1979
67%
Tatarstan Russia 1994-2002
22%
No matching quizzes found
Score Distribution
Percent of People with Each Score
Percentile by Number Answered
Your Score History
You have not taken this quiz